| 000 | 00919nam a2200253 a 4500 | ||
|---|---|---|---|
| 001 | BRCA_1677 | ||
| 005 | 20190320203514.0 | ||
| 008 | 991110s2000 nyua---##b---#001-0#eng-d | ||
| 020 | _a0810945584 | ||
| 020 | _a0872731405 | ||
| 040 |
_aDLC _cDLC _dDLC |
||
| 050 | 4 |
_aND237.C4 _b.G35 2000 |
|
| 100 | 1 |
_aGallati, Barbara Dayer _95234 |
|
| 245 | 1 | 0 |
_aWilliam Merritt Chase _bModern American landscapes, 1886-1890 _cBarbara Dayer Gallati. |
| 260 |
_aBrooklyn, New York _bThe Brooklyn Museum of Art ; H. Abrams _c2000 |
||
| 300 |
_a192 p. _bil. (algunas a color) _c28 cm. |
||
| 500 | _aIncluye índice alfabético | ||
| 504 | _aBibliografía: p. 181-183 | ||
| 600 | 1 | 4 |
_aChase, William Merritt _d1849-1916 _xCrítica e interpretación _95235 |
| 650 | 1 | 4 |
_aImpresionismo (Arte) _zEstados Unidos _95236 |
| 650 | 1 | 4 |
_aPintura de paisajes americanos _95237 |
| 700 | 1 |
_aChase, William Merritt _d1849-1916 _95238 |
|
| 942 |
_2lcc _cB |
||
| 999 |
_c1472 _d1472 |
||